LIBRARY & INFORMATION CENTRE, KCAET, TAVANUR

ONLINE PUBLIC ACCESS CATALOGUE (OPAC)

Interpretations of American literature / (Record no. 5121)

MARC details
000 -LEADER
fixed length control field 00423cam a2200157ua 4500
041 ## - LANGUAGE CODE
Language code of text/sound track or separate title eng
082 ## - DEWEY DECIMAL CLASSIFICATION NUMBER
Classification number 810
Item number FEI/IN
100 ## - MAIN ENTRY--AUTHOR NAME
Personal name Feidelson, Charles .
245 ## - TITLE STATEMENT
Title Interpretations of American literature /
260 ## - PUBLICATION, DISTRIBUTION, ETC. (IMPRINT)
Place of publication New York :
Name of publisher Oxford University Press ,
Year of publication 1959.
300 ## - PHYSICAL DESCRIPTION
Number of Pages 386 ; .
700 1# - ADDED ENTRY--PERSONAL NAME
Personal name Brodtkorb, Paul .
942 ## - ADDED ENTRY ELEMENTS (KOHA)
Koha item type Books
Holdings
Withdrawn status Lost status Damaged status Home library Current library Date acquired Full call number Accession Number Koha item type
Withdrawn     KAUAET Malayalam University 07/04/2012 810 5272 Books
free website counter